Statistiques concernant Sports par émojis 🏀

Cliquez ici pour prendre le quiz!

Statistiques générales

  • Ce quiz a été pris 10 254 fois
    (9 578 depuis la dernière actualisation)
  • Le résultat moyen est 29 sur 40

Statistiques - réponses

ÉmojiSport% Correct
Football (soccer)
99%
Tennis
98%
Basketball
97%
Art martial
95%
Tennis de table (Ping-pong)
95%
Ski
94%
Volleyball
94%
Boxe
93%
Hockey sur glace
90%
Bicyclette
89%
Badminton
88%
Escalade
88%
Équitation
87%
Escrime
85%
Football Américain
85%
Skateboard
85%
Baseball
84%
Bowling
83%
Natation
83%
Canoë
81%
Gymnastique
80%
Golf
79%
Surf
79%
Tir à l'arc
79%
Danse
77%
Snowboard
74%
Billard
66%
Rugby
65%
Water-polo
65%
Luge
63%
Handball
61%
Lutte
61%
Disque
54%
Curling
50%
Cricket
48%
Vélo tout-terrain
48%
Haltérophilie
42%
Hockey sur gazon
20%
Crosse
16%
Softball
6%

Distribution des résultats

Percentile par nombre de réponses

% des personnes avec chaque résultat

Votre développement - résultats

Vous n’avez pas pris ce quiz depuis la dernière actualisation